[Event "IX Open A"]
[Site "Genova ITA"]
[Date "2005.08.12"]
[Round "5"]
[White "Gromovs, Sergejs"]
[Black "Golia, Franco"]
[Result "1-0"]
[WhiteElo "2375"]
[BlackElo "2139"]
[PlyCount "133"]
[EventDate "2005.08.08"]

1.d4 d5 2.Nf3 Nf6 3.c4 c6 4.Nc3 e6 5.Bg5 Nbd7 6.e3 Qa5 7.Nd2 Bb4 8.Qc2 e5 
9.dxe5 Ne4 10.Ndxe4 dxe4 11.e6 fxe6 12.Bh4 Bxc3+ 13.bxc3 Nc5 14.Be2 e5 15.
O-O Bf5 16.f4 exf4 17.Rxf4 O-O 18.Raf1 Ne6 19.R4f2 Qc5 20.Kh1 Bg6 21.Rxf8+
Rxf8 22.Rxf8+ Nxf8 23.Qd2 Qf5 24.h3 h6 25.Qd6 Bf7 26.Qb8 Qd7 27.Kh2 a6 28.
Bg3 Be6 29.a4 Qc8 30.Qe5 Bf5 31.c5 Ng6 32.Bc4+ Kh7 33.Qd4 Qd7 34.Bd6 h5 
35.Qd1 Kh6 36.Be2 h4 37.Qf1 Qe6 38.Bc4 Qf6 39.Bg8 Bc8 40.Qc4 Qf5 41.Kg1 
Ne5 42.Qa2 Nd3 43.Bc4 Kh7 44.Bg8+ Kh8 45.Bc4 Kh7 46.Be7 Qh5 47.Qd2 Bf5 48.
Bb3 g5 49.Bd1 Qg6 50.Qa2 Be6 51.Qe2 Kh6 52.Bf8+ Kh7 53.Bd6 Kg7 54.Qc2 g4 
55.hxg4 Bxg4 56.Bxg4 Qxg4 57.Kh2 Nxc5 58.Qb2 b5 59.axb5 axb5 60.c4+ Kf7 
61.Qf2+ Ke6 62.Bxc5 bxc4 63.Bd4 Kd6 64.Qf8+ Kd7 65.Qg7+ Qxg7 66.Bxg7 Ke6 
67.Kh3 1-0

[Event "IX Open A"]
[Site "Genova ITA"]
[Date "2005.08.12"]
[Round "5"]
[White "Guanciale, Orazio"]
[Black "Grattarola, Fabio"]
[Result "0-1"]
[WhiteElo "2159"]
[BlackElo "1994"]
[PlyCount "62"]
[EventDate "2005.08.08"]

1.e4 d5 2.d4 dxe4 3.Nc3 Nf6 4.f3 exf3 5.Nxf3 Bf5 6.Ne5 c6 7.g4 Be6 8.g5 
Nd5 9.Ne4 Nd7 10.Nd3 Bf5 11.Qf3 Bxe4 12.Qxe4 e6 13.Bd2 a5 14.Be2 Qb6 15.
Rf1 Bd6 16.O-O-O Nb4 17.a3 Nxd3+ 18.Bxd3 g6 19.Bc4 Rf8 20.Bxe6 fxe6 21.
Qxe6+ Be7 22.Rde1 Qd8 23.Bf4 Nb6 24.Be5 Rxf1 25.Rxf1 Qd5 26.Qg4 Nc4 27.Bf4
Qxd4 28.Re1 Qxb2+ 29.Kd1 Rd8+ 30.Ke2 Qxc2+ 31.Kf1 Qf5 0-1

[Event "IX Open A"]
[Site "Genova ITA"]
[Date "2005.08.12"]
[Round "5"]
[White "Lazic, Miroljub"]
[Black "Chatalbashev, Boris"]
[Result "1-0"]
[WhiteElo "2485"]
[BlackElo "2499"]
[PlyCount "87"]
[EventDate "2005.08.08"]

1.e4 g6 2.d4 Bg7 3.Nc3 c6 4.Be3 d5 5.f3 Qb6 6.Qd2 Qxb2 7.Rb1 Qa3 8.Bd3 e6 
9.Nge2 Nf6 10.e5 Nfd7 11.h4 Na6 12.Rb3 Qa5 13.h5 Nb4 14.hxg6 Nxd3+ 15.cxd3
hxg6 16.Rxh8+ Bxh8 17.Bg5 Bg7 18.Kf2 Qc7 19.Rb1 b6 20.Rh1 Nf8 21.Qc1 Ba6 
22.Nf4 c5 23.Qa3 cxd4 24.Ncxd5 exd5 25.Qxa6 Bxe5 26.Re1 Ne6 27.Nxe6 fxe6 
28.f4 Bg7 29.Rxe6+ Kf8 30.Qb5 Rc8 31.Qxd5 Qf7 32.Qd6+ Kg8 33.Rxg6 Kh7 34.
Re6 Re8 35.Rxe8 Qxe8 36.Qe7 Qg6 37.Qe4 b5 38.Be7 a5 39.f5 Qf7 40.f6+ Kg8 
41.Qg4 Qxa2+ 42.Kg3 Qf7 43.Qxg7+ Qxg7+ 44.fxg7 1-0

[Event "IX Open A"]
[Site "Genova ITA"]
[Date "2005.08.12"]
[Round "5"]
[White "Maiorov, Nikita"]
[Black "Martinez, Rolly"]
[Result "1-0"]
[WhiteElo "2453"]
[BlackElo "2421"]
[PlyCount "103"]
[EventDate "2005.08.08"]

1.d4 d5 2.c4 dxc4 3.Nf3 Nf6 4.e3 e6 5.Bxc4 c5 6.O-O a6 7.dxc5 Bxc5 8.Qxd8+
Kxd8 9.Ne5 Ke7 10.Be2 Nbd7 11.Nc4 Ne4 12.Nbd2 Ndf6 13.Nxe4 Nxe4 14.b3 Bd7 
15.Bb2 Bc6 16.Ne5 Bd5 17.Nd3 Bd6 18.f3 Nc5 19.Bxg7 Rhg8 20.Bd4 Nd7 21.e4 
Bc6 22.Be3 Bb5 23.a4 Bxd3 24.Bxd3 Bc5 25.Rfe1 Rac8 26.Kf2 Ne5 27.Bf1 Rgd8 
28.Bxc5+ Rxc5 29.Rac1 Rd2+ 30.Ke3 Rdc2 31.Rxc2 Rxc2 32.Rb1 Ra2 33.h3 Nc6 
34.Rc1 Kd6 35.Rd1+ Ke7 36.f4 Rb2 37.Rd3 Na5 38.e5 Rxb3 39.Rxb3 Nxb3 40.Bd3
h6 41.Bc2 Na5 42.Kd4 b6 43.Kc3 Nb7 44.Be4 Nc5 45.Bc6 f6 46.g4 fxe5 47.fxe5
b5 48.a5 h5 49.gxh5 Kf7 50.Bxb5 axb5 51.Kb4 Nd3+ 52.Kxb5 1-0

[Event "IX Open A"]
[Site "Genova ITA"]
[Date "2005.08.12"]
[Round "5"]
[White "Mateo, Ramon"]
[Black "Sanchez, Joseph"]
[Result "1-0"]
[WhiteElo "2434"]
[BlackElo "2452"]
[PlyCount "77"]
[EventDate "2005.08.08"]

1.e4 c5 2.c3 d5 3.exd5 Qxd5 4.d4 Nf6 5.Nf3 Bg4 6.Be2 e6 7.h3 Bh5 8.O-O Nc6
9.Na3 cxd4 10.Nb5 Qd7 11.Nbxd4 Nxd4 12.Nxd4 Bxe2 13.Qxe2 Bc5 14.Rd1 O-O 
15.Bg5 Qc7 16.Bxf6 gxf6 17.Rd3 Kh8 18.Qf3 f5 19.Rad1 Rad8 20.b4 Bb6 21.Nb5
Rxd3 22.Qxd3 Qf4 23.Qd2 Qe5 24.c4 a5 25.a3 axb4 26.axb4 Rd8 27.Nd6 Kg7 28.
c5 Bc7 29.Qg5+ Kf8 30.f4 Qg7 31.Qh4 b6 32.Kh2 bxc5 33.Nxf5 Rxd1 34.Nxg7 
Rd4 35.Qf6 Bxf4+ 36.g3 Rd2+ 37.Kh1 Bxg3 38.Nxe6+ Ke8 39.Ng7+ 1-0

[Event "IX Open A"]
[Site "Genova ITA"]
[Date "2005.08.12"]
[Round "5"]
[White "Moncelli, Giorgio"]
[Black "Ranola, Yves"]
[Result "0-1"]
[WhiteElo "2149"]
[BlackElo "2466"]
[PlyCount "58"]
[EventDate "2005.08.08"]

1.d4 d5 2.c4 e5 3.dxe5 d4 4.Nf3 Nc6 5.g3 Nge7 6.Bg2 Ng6 7.O-O Be7 8.a3 O-O
9.Nbd2 Ngxe5 10.b4 d3 11.Bb2 Bf6 12.Nxe5 Nxe5 13.exd3 Nxd3 14.Bxf6 Qxf6 
15.Ne4 Qd4 16.Nc5 Bf5 17.Qf3 g6 18.Rad1 Rad8 19.Nxb7 Bg4 20.Rxd3 Qxd3 21.
Qxg4 Rd4 22.Qg5 Rxc4 23.Nc5 Qd4 24.h4 Re8 25.Bd5 Rc3 26.Nd7 Kg7 27.h5 h6 
28.Qh4 Qxh4 29.gxh4 Rd8 0-1

[Event "IX Open A"]
[Site "Genova ITA"]
[Date "2005.08.12"]
[Round "5"]
[White "Mrdja, Milan"]
[Black "Tagliagambe, Stefano"]
[Result "1-0"]
[WhiteElo "2352"]
[BlackElo "2055"]
[PlyCount "51"]
[EventDate "2005.08.08"]

1.e4 c5 2.Nf3 e6 3.d4 cxd4 4.Nxd4 Qb6 5.Nb3 Qc7 6.Nc3 a6 7.Bd3 Nf6 8.f4 d6
9.Qf3 Nc6 10.Be3 b5 11.O-O Bb7 12.Rae1 Be7 13.Qh3 Nb4 14.Nd4 g6 15.a3 Nxd3
16.cxd3 e5 17.Nf3 exf4 18.Bxf4 Bc8 19.Qh4 Be6 20.Bg5 Ng4 21.Nd5 Qa7+ 22.
Kh1 Bxg5 23.Nxg5 h5 24.h3 Ne5 25.Nxe6 fxe6 26.Qf6 1-0

[Event "IX Open A"]
[Site "Genova ITA"]
[Date "2005.08.12"]
[Round "5"]
[White "Roatta, Luca"]
[Black "Rodriguez Alvarez, Alan"]
[Result "0-1"]
[WhiteElo "2200"]
[BlackElo "2103"]
[PlyCount "76"]
[EventDate "2005.08.08"]

1.d4 d5 2.Nf3 Nf6 3.Bf4 Nbd7 4.e3 e6 5.Bd3 c5 6.c3 Qb6 7.Qc2 Bd6 8.Bg3 
Bxg3 9.hxg3 c4 10.Be2 Qc7 11.Nbd2 b5 12.a4 Rb8 13.Ng5 h6 14.e4 Rg8 15.exd5
hxg5 16.dxe6 Nb6 17.exf7+ Kxf7 18.Nf3 Re8 19.Nxg5+ Kg8 20.axb5 Bg4 21.f3 
Qxg3+ 22.Kf1 Bf5 23.Qxf5 Rxe2 24.Kxe2 Qxg2+ 25.Kd1 Qxh1+ 26.Kc2 Qg2+ 27.
Kb1 Re8 28.Ka2 Re2 29.Ka3 Rxb2 30.Qe6+ Kh8 31.Rh1+ Qxh1 32.Kxb2 Qg2+ 33.
Ka3 Qxg5 34.Qh3+ Qh6 35.Qf5 Qc1+ 36.Kb4 Nfd5+ 37.Kc5 Qa3+ 38.Kc6 Ne7+ 0-1

[Event "IX Open A"]
[Site "Genova ITA"]
[Date "2005.08.12"]
[Round "5"]
[White "Salvador, Roland"]
[Black "Cirabisi, Federico"]
[Result "1-0"]
[WhiteElo "2416"]
[BlackElo "2109"]
[PlyCount "57"]
[EventDate "2005.08.08"]

1.d4 d5 2.Nf3 e6 3.c4 c6 4.Nc3 f5 5.g3 Nf6 6.Bg2 Bd6 7.O-O O-O 8.Rb1 Nbd7 
9.b4 Ne4 10.Qc2 Qe8 11.b5 Ndf6 12.Ne5 Bd7 13.bxc6 Bxc6 14.Nb5 Bxb5 15.Rxb5
Rc8 16.Rxb7 Bxe5 17.dxe5 Rxc4 18.Qb1 Nc3 19.Qd3 Nfe4 20.Be3 Qc6 21.Rxa7 
Rb8 22.Bf3 Rb2 23.Kg2 g5 24.h3 Nb5 25.Re7 Rc3 26.Qd1 d4 27.Bxd4 Rxf3 28.
exf3 Nd2 29.Bxb2 1-0

[Event "IX Open A"]
[Site "Genova ITA"]
[Date "2005.08.13"]
[Round "6"]
[White "Aldrovandi, Costantino"]
[Black "Astengo, Marcello"]
[Result "1-0"]
[WhiteElo "2251"]
[BlackElo "2096"]
[PlyCount "93"]
[EventDate "2005.08.08"]

1.Nf3 Nf6 2.g3 d5 3.Bg2 c6 4.c4 e6 5.b3 Nbd7 6.O-O Bd6 7.d4 O-O 8.Nbd2 e5 
9.dxe5 Nxe5 10.cxd5 Nxd5 11.Bb2 Nxf3+ 12.Nxf3 Bf5 13.Qd4 Qf6 14.Qxd5 cxd5 
15.Bxf6 gxf6 16.Nh4 Bc2 17.Rac1 Rac8 18.Bh3 Ba3 19.Bxc8 Rxc8 20.Nf3 Bxc1 
21.Rxc1 Bf5 22.Rxc8+ Bxc8 23.Nd4 Bd7 24.Kg2 Kf8 25.Kf3 Ke7 26.Kf4 Kd6 27.
b4 b6 28.a3 a5 29.g4 axb4 30.axb4 Bc8 31.h3 Bd7 32.f3 Bc8 33.Nb5+ Ke6 34.
e3 Ke7 35.Nc3 Kd6 36.Kg3 Ba6 37.Kf4 Bd3 38.h4 Ke6 39.Na4 d4 40.exd4 Kd5 
41.Ke3 Bc2 42.Nxb6+ Kc6 43.Nc4 Bd1 44.b5+ Kxb5 45.Nd6+ Kc6 46.Ne8 f5 47.g5
1-0

[Event "IX Open A"]
[Site "Genova ITA"]
[Date "2005.08.13"]
[Round "6"]
[White "Capurro, Giuliano"]
[Black "Moncelli, Giorgio"]
[Result "1-0"]
[WhiteElo "2092"]
[BlackElo "2149"]
[PlyCount "53"]
[EventDate "2005.08.08"]

1.e4 e5 2.Nf3 Nc6 3.d4 exd4 4.Bc4 Nf6 5.e5 d5 6.Bb5 Ne4 7.O-O Bc5 8.Nxd4 
O-O 9.Nxc6 bxc6 10.Bd3 f5 11.exf6 Nxf2 12.Rxf2 Qxf6 13.Bxh7+ Kxh7 14.Be3 
Bxe3 15.Qd3+ Bf5 16.Qxe3 Rae8 17.Qc3 d4 18.Qd2 d3 19.cxd3 Qd4 20.Nc3 Re3 
21.Ne2 Qe5 22.d4 Qe6 23.Ng3 Rd3 24.Qg5 g6 25.Re2 Qd5 26.Nxf5 Rxf5 27.Re7+ 
1-0

[Event "IX Open A"]
[Site "Genova ITA"]
[Date "2005.08.13"]
[Round "6"]
[White "Chatalbashev, Boris"]
[Black "Delorme, Alban"]
[Result "1/2-1/2"]
[WhiteElo "2499"]
[BlackElo "2254"]
[PlyCount "104"]
[EventDate "2005.08.08"]

1.d4 Nf6 2.c4 e6 3.Nc3 d5 4.cxd5 exd5 5.Bg5 Be7 6.e3 O-O 7.Bd3 Nbd7 8.Nf3 
b6 9.O-O Bb7 10.Rc1 c5 11.Bb1 Ne4 12.Bf4 Rc8 13.dxc5 Ndxc5 14.Nb5 Bf6 15.
Nbd4 Re8 16.h3 Qd7 17.b4 Ne6 18.Rxc8 Rxc8 19.Nxe6 Qxe6 20.Nd4 Bxd4 21.Qxd4
Rc4 22.Qb2 Qc6 23.b5 Qc5 24.Qe5 d4 25.Qb8+ Qc8 26.exd4 Rxd4 27.Re1 Nf6 28.
Rc1 Qxb8 29.Bxb8 a6 30.Be5 Rd5 31.Bxf6 gxf6 32.Be4 Rd7 33.Bxb7 Rxb7 34.a4 
axb5 35.axb5 Re7 36.Rc6 Re6 37.g4 Kf8 38.Rxe6 fxe6 39.f4 Ke7 40.Kf2 Kd6 
41.h4 e5 42.Ke3 exf4+ 43.Kxf4 Kc5 44.Kf5 Kxb5 45.Kxf6 Kc5 46.h5 b5 47.g5 
b4 48.g6 hxg6 49.hxg6 b3 50.g7 b2 51.g8=Q b1=Q 52.Qc8+ Kd4 1/2-1/2

[Event "IX Open A"]
[Site "Genova ITA"]
[Date "2005.08.13"]
[Round "6"]
[White "Cirabisi, Federico"]
[Black "Kilpatrick, Callum"]
[Result "1-0"]
[WhiteElo "2109"]
[BlackElo "2042"]
[PlyCount "69"]
[EventDate "2005.08.08"]

1.e4 c5 2.Nf3 d6 3.d4 cxd4 4.Nxd4 Nf6 5.Nc3 a6 6.Be2 e5 7.Nb3 Be7 8.Be3 
Be6 9.g4 d5 10.exd5 Nxd5 11.Nxd5 Bxd5 12.Bf3 e4 13.Bg2 O-O 14.Qe2 Qc7 15.
O-O-O Rd8 16.Rxd5 Rxd5 17.Bd4 Rd8 18.f4 Nc6 19.Qf2 Re8 20.Bb6 Qb8 21.Bxe4 
Bd6 22.Rf1 Nb4 23.c4 g6 24.a3 Nc6 25.Bc2 Bc7 26.Be3 Qc8 27.f5 Ne5 28.fxg6 
fxg6 29.Be4 Rf8 30.Bd5+ Kg7 31.Qe2 Qxg4 32.Qxg4 Rxf1+ 33.Qd1 Rxd1+ 34.Kxd1
Rd8 35.Nc5 1-0

[Event "IX Open A"]
[Site "Genova ITA"]
[Date "2005.08.13"]
[Round "6"]
[White "Di Paolo, Raffaele"]
[Black "Mateo, Ramon"]
[Result "1-0"]
[WhiteElo "2271"]
[BlackElo "2434"]
[PlyCount "87"]
[EventDate "2005.08.08"]

1.e4 c5 2.Nf3 a6 3.c3 Nf6 4.e5 Nd5 5.d4 cxd4 6.cxd4 Nc6 7.Bc4 e6 8.O-O d6 
9.Bg5 Be7 10.Bxd5 exd5 11.Bxe7 Nxe7 12.Nc3 O-O 13.h3 Be6 14.Re1 Rc8 15.Rc1
Nf5 16.Qd3 g6 17.b3 Rc7 18.Ne2 Rxc1 19.Rxc1 Qa5 20.g4 Ne7 21.Qe3 dxe5 22.
dxe5 Rc8 23.Rxc8+ Nxc8 24.Qg5 Qc7 25.Ned4 Qe7 26.Qh6 Qf8 27.Qxf8+ Kxf8 28.
Ng5 h6 29.Ngxe6+ fxe6 30.Nxe6+ Ke7 31.Nd4 g5 32.Kg2 Nb6 33.f4 Nd7 34.Kf3 
gxf4 35.Kxf4 Nc5 36.Kf5 Kf7 37.h4 Ne4 38.e6+ Kg7 39.Ke5 Nf6 40.Nf5+ Kg6 
41.Ne7+ Kg7 42.Nxd5 Nxg4+ 43.Kd6 Nf2 44.e7 1-0

[Event "IX Open A"]
[Site "Genova ITA"]
[Date "2005.08.13"]
[Round "6"]
[White "Grattarola, Fabio"]
[Black "Brancaleoni, Maurizio"]
[Result "0-1"]
[WhiteElo "1994"]
[BlackElo "2314"]
[PlyCount "116"]
[EventDate "2005.08.08"]

1.d4 c5 2.c3 d5 3.Nf3 Nf6 4.Bf4 Nc6 5.e3 Qb6 6.Qb3 c4 7.Qc2 Bf5 8.Qc1 Nh5 
9.Nbd2 Nxf4 10.exf4 e6 11.Nh4 Bg4 12.h3 Bh5 13.g4 Be7 14.Ndf3 Qd8 15.Ng2 
Bg6 16.h4 Be4 17.Ng5 Bxg2 18.Bxg2 h6 19.Nf3 h5 20.g5 Bd6 21.Qe3 Ne7 22.Bh3
g6 23.O-O Qc7 24.Ne5 Bxe5 25.fxe5 Rb8 26.Qf4 b5 27.a3 Rf8 28.Rfe1 Kd7 29.
Re3 Kc6 30.Rf3 a5 31.Qf6 Kb7 32.Re1 Qd7 33.Ree3 Qe8 34.Bxe6 fxe6 35.Qxe6 
Nf5 36.Qxd5+ Qc6 37.Qxc6+ Kxc6 38.Re4 Kd5 39.Rff4 Rfe8 40.Kg2 b4 41.axb4 
axb4 42.Re1 Ra8 43.Kh3 Ra2 44.Rb1 Rb8 45.cxb4 Rxb4 46.e6 Rb3+ 47.Kg2 Ra6 
48.e7 Nxe7 49.Re1 Re6 50.Ra1 Nc6 51.Ra2 Nxd4 52.Ra5+ Nb5 53.Ra4 Nd6 54.
Ra5+ Rb5 55.Ra2 Nf5 56.Kf1 Re4 57.Rxe4 Kxe4 58.Ra6 Nxh4 0-1

[Event "IX Open A"]
[Site "Genova ITA"]
[Date "2005.08.13"]
[Round "6"]
[White "Guido, Flavio"]
[Black "Salvador, Roland"]
[Result "0-1"]
[WhiteElo "2305"]
[BlackElo "2416"]
[PlyCount "118"]
[EventDate "2005.08.08"]

1.e4 c5 2.Nf3 Nc6 3.c3 Nf6 4.e5 Nd5 5.d4 cxd4 6.Bc4 e6 7.cxd4 d6 8.O-O Be7
9.Qe2 O-O 10.Nc3 Nxc3 11.bxc3 dxe5 12.dxe5 Qa5 13.Rb1 Rd8 14.Qe4 Qa4 15.
Bd3 Qxe4 16.Bxe4 Na5 17.Rb5 Nc4 18.Bxb7 Rb8 19.Bc6 Ba6 20.Rxb8 Rxb8 21.Be4
Nb6 22.Rd1 Na4 23.Bd2 Bc5 24.Rb1 Rxb1+ 25.Bxb1 Ba3 26.Ng5 Bb2 27.Bxh7+ Kf8
28.Bc2 Nxc3 29.Bb3 Ne2+ 30.Kf1 Bb5 31.Bb4+ Kg8 32.Be7 Nf4+ 33.Kg1 Bd4 34.
Nf3 Bb6 35.Bc2 Ne2+ 36.Kh1 Bxf2 37.Ng5 Be3 38.Ne4 Nf4 39.Bc5 Bxc5 40.Nxc5 
Bc6 41.Be4 Bxe4 42.Nxe4 Nd3 43.Kg1 Nxe5 44.Kf2 Kf8 45.h3 f5 46.Nc3 Ke7 47.
Ke3 a6 48.Kd4 Kd6 49.Ne2 Nd7 50.Kc4 e5 51.Kb4 Kd5 52.Ka5 Nc5 53.Kb6 g5 54.
Ng3 f4 55.Nf1 e4 56.Nh2 Kc4 57.Ka5 e3 58.Nf3 e2 59.Kb6 Nd3 0-1

[Event "IX Open A"]
[Site "Genova ITA"]
[Date "2005.08.13"]
[Round "6"]
[White "Hendriks, Willy"]
[Black "Pace, Pietro Dario"]
[Result "1-0"]
[WhiteElo "2415"]
[BlackElo "2198"]
[PlyCount "55"]
[EventDate "2005.08.08"]

1.e4 c5 2.Nf3 Nc6 3.Nc3 e5 4.Bc4 Be7 5.d3 d6 6.O-O Nf6 7.Ng5 O-O 8.f4 Bg4 
9.Qe1 h6 10.Nf3 exf4 11.Bxf4 Nh5 12.Be3 Bxf3 13.gxf3 Na5 14.Bd5 Nf6 15.Kh1
Nxd5 16.Nxd5 Nc6 17.Rg1 Kh7 18.Rg2 Bh4 19.Qe2 Ne7 20.Rag1 Rg8 21.Nf4 Bf6 
22.c3 Be5 23.Nh5 g6 24.f4 Bh8 25.Ng3 f5 26.exf5 gxf5 27.Nxf5 Qd7 28.Nxh6 
1-0

[Event "IX Open A"]
[Site "Genova ITA"]
[Date "2005.08.13"]
[Round "6"]
[White "Madsen, Dag"]
[Black "Gromovs, Sergejs"]
[Result "1/2-1/2"]
[WhiteElo "2285"]
[BlackElo "2375"]
[PlyCount "125"]
[EventDate "2005.08.08"]

1.Nf3 d5 2.d4 Bf5 3.c4 e6 4.Nc3 Nc6 5.cxd5 exd5 6.Qb3 Nb4 7.e4 dxe4 8.Ne5 
Be6 9.Bc4 Bxc4 10.Qxc4 Nd3+ 11.Nxd3 exd3 12.O-O Bd6 13.Re1+ Ne7 14.Bg5 O-O
15.Ne4 Re8 16.Qxd3 Qd7 17.Nxd6 cxd6 18.Bxe7 Rxe7 19.Rxe7 Qxe7 20.Rc1 g6 
21.h3 Re8 22.Qf3 b6 23.a4 Kg7 24.b3 Qf6 25.Qxf6+ Kxf6 26.Rc7 Re1+ 27.Kh2 
Rb1 28.Rxa7 Rxb3 29.d5 Ra3 30.f4 Rd3 31.Rb7 Rxd5 32.Rxb6 Kf5 33.Rb7 Ke6 
34.Kg3 Rd3+ 35.Kf2 Rd4 36.f5+ gxf5 37.Ra7 h5 38.a5 Ra4 39.a6 f6 40.Ra8 Kd5
41.Kf3 Ra3+ 42.Kf4 Ra2 43.Kxf5 Rf2+ 44.Kg6 h4 45.a7 Rxg2+ 46.Kh5 Rg7 47.
Kh6 Re7 48.Kh5 Ke5 49.Kxh4 Kf4 50.Kh5 Kf5 51.Kh4 Kf4 52.Kh5 Kf5 53.Kh4 Rg7
54.Rd8 Kf4 55.Kh5 Rxa7 56.Rxd6 f5 57.Kg6 Ra3 58.h4 Ke5 59.Rf6 Rg3+ 60.Kf7 
Rh3 61.Kg6 f4 62.h5 f3 63.Rxf3 1/2-1/2

[Event "IX Open A"]
[Site "Genova ITA"]
[Date "2005.08.13"]
[Round "6"]
[White "Mrdja, Milan"]
[Black "Barsov, Alexei"]
[Result "1/2-1/2"]
[WhiteElo "2352"]
[BlackElo "2530"]
[PlyCount "26"]
[EventDate "2005.08.08"]

1.e4 e6 2.d4 d5 3.Nc3 Bb4 4.e5 c5 5.a3 Bxc3+ 6.bxc3 Ne7 7.Nf3 Qc7 8.a4 h6 
9.Be2 b6 10.Bb5+ Bd7 11.Be2 Bc8 12.Bb5+ Bd7 13.Be2 Bc8 1/2-1/2

[Event "IX Open A"]
[Site "Genova ITA"]
[Date "2005.08.13"]
[Round "6"]
[White "Ranola, Yves"]
[Black "Manfredi, Vincenzo"]
[Result "1-0"]
[WhiteElo "2466"]
[BlackElo "2183"]
[PlyCount "89"]
[EventDate "2005.08.08"]

1.Nf3 Nf6 2.g3 g6 3.Bg2 Bg7 4.O-O O-O 5.d3 d6 6.e4 c5 7.Re1 Nc6 8.c3 Rb8 
9.d4 Bg4 10.dxc5 dxc5 11.Qc2 e5 12.Bg5 h6 13.Bxf6 Qxf6 14.Nbd2 Rfd8 15.
Red1 h5 16.h3 Be6 17.Nb3 Qe7 18.Qe2 c4 19.Nbd2 Qc5 20.Ng5 b5 21.Nxe6 fxe6 
22.Nf3 Bh6 23.h4 Kf7 24.Bf1 Rxd1 25.Rxd1 Rd8 26.a4 a6 27.axb5 axb5 28.Rxd8
Nxd8 29.Qd1 Ke8 30.b3 cxb3 31.Qxb3 Ke7 32.Bxb5 Qd6 33.Qa4 Nf7 34.Qa7+ Kf6 
35.Kg2 Qe7 36.Qb8 Qd8 37.Qb7 Nd6 38.Qc6 Nf7 39.c4 Qd6 40.Qe8 Qf8 41.Qc6 
Qd6 42.Qb7 Qe7 43.Qb6 Bf8 44.Qb8 Qd8 45.Nxe5 1-0

[Event "IX Open A"]
[Site "Genova ITA"]
[Date "2005.08.13"]
[Round "6"]
[White "Rodriguez Alvarez, Alan"]
[Black "Bontempi, Piero"]
[Result "1-0"]
[WhiteElo "2103"]
[BlackElo "2328"]
[PlyCount "105"]
[EventDate "2005.08.08"]

1.e4 c5 2.Nf3 d6 3.d4 cxd4 4.Nxd4 Nf6 5.Nc3 g6 6.Be3 Bg7 7.Bc4 O-O 8.f3 
Nc6 9.Qd2 Nxd4 10.Bxd4 Be6 11.Nd5 Bxd5 12.Bxd5 Nxd5 13.Bxg7 Kxg7 14.exd5 
Rc8 15.O-O-O Rc5 16.h4 Qa5 17.Qd4+ f6 18.Rhe1 Rf7 19.Kb1 Qc7 20.Re2 b5 21.
g4 Rc4 22.Qe3 Qc5 23.Qe6 Qc8 24.Qe3 Qc5 25.Qe6 Rd4 26.Rxd4 Qxd4 27.b3 f5 
28.Re1 fxg4 29.fxg4 Qf6 30.Qxf6+ exf6 31.Re6 f5 32.gxf5 Rxf5 33.Rxd6 Rh5 
34.c4 bxc4 35.bxc4 Rxh4 36.c5 Rb4+ 37.Ka1 h5 38.c6 Rc4 39.Rd7+ Kf6 40.c7 
Kf5 41.d6 h4 42.Rd8 Ke6 43.c8=Q+ Rxc8 44.Rxc8 Kxd6 45.Rg8 Ke5 46.Rxg6 Kf4 
47.Ra6 h3 48.Rxa7 h2 49.Rh7 Kg3 50.a4 Kg2 51.a5 h1=Q+ 52.Rxh1 Kxh1 53.a6 
1-0

[Event "IX Open A"]
[Site "Genova ITA"]
[Date "2005.08.13"]
[Round "6"]
[White "Sanchez, Joseph"]
[Black "Lanzani, Mario"]
[Result "0-1"]
[WhiteElo "2452"]
[BlackElo "2356"]
[PlyCount "120"]
[EventDate "2005.08.08"]

1.e4 e5 2.Nc3 Nc6 3.f4 exf4 4.Nf3 g5 5.Bc4 g4 6.O-O gxf3 7.Qxf3 Ne5 8.Qxf4
Qf6 9.Qxf6 Nxf6 10.Bb3 Bc5+ 11.Kh1 Nfg4 12.h3 h5 13.Nd5 Nf2+ 14.Kh2 Nxe4 
15.g3 Bd6 16.d3 Nxg3 17.Kxg3 Nxd3+ 18.Kh4 Nxc1 19.Raxc1 c6 20.Nf6+ Kd8 21.
Bxf7 Be7 22.Kg5 d5 23.h4 Bg4 24.Rce1 Bxf6+ 25.Rxf6 Kd7 26.Rg6 Rad8 27.Kf6 
Kc7 28.Re7+ Rd7 29.Rxd7+ Kxd7 30.Bg8 Bd1 31.c3 Bc2 32.Rg5 Rh6+ 33.Ke5 Rg6 
34.Bf7 Rxg5+ 35.hxg5 h4 36.Kf6 Kd6 37.g6 h3 38.g7 Bh7 39.Bg6 Bg8 40.Bf7 h2
41.Bxg8 h1=Q 42.Bf7 Qf3+ 43.Kg6 Ke7 44.g8=Q Qf6+ 45.Kh5 Qxf7+ 46.Qxf7+ 
Kxf7 47.Kg5 Ke6 48.Kf4 c5 49.Ke3 b5 50.Kd3 Ke5 51.Ke3 d4+ 52.cxd4+ cxd4+ 
53.Kd3 Kd5 54.Kd2 Ke4 55.Ke2 d3+ 56.Kd2 Kd4 57.Kd1 Ke3 58.Ke1 d2+ 59.Kd1 
Kd3 60.a3 a5 0-1

[Event "IX Open A"]
[Site "Genova ITA"]
[Date "2005.08.13"]
[Round "7"]
[White "Astengo, Corrado"]
[Black "Guido, Flavio"]
[Result "0-1"]
[WhiteElo "2129"]
[BlackElo "2305"]
[PlyCount "66"]
[EventDate "2005.08.08"]

1.e4 c5 2.Nf3 e6 3.d4 cxd4 4.Nxd4 Nf6 5.Nc3 d6 6.f4 a6 7.Bd3 b5 8.Qf3 Bb7 
9.O-O Nbd7 10.Kh1 Be7 11.Bd2 O-O 12.Rae1 Nc5 13.a3 Rc8 14.Qh3 Qd7 15.Nf3 
Bd8 16.Re3 e5 17.f5 Re8 18.Rfe1 Bb6 19.R3e2 d5 20.exd5 e4 21.Nxe4 Ncxe4 
22.Bxe4 Nxe4 23.Rxe4 Rxe4 24.Rxe4 Bxd5 25.Re2 Rxc2 26.f6 Be6 27.Qg3 g6 28.
Qf4 Bd8 29.Re1 Qc7 30.Qd4 Rc4 31.Rxe6 fxe6 32.f7+ Kxf7 33.Ng5+ Bxg5 0-1

[Event "IX Open A"]
[Site "Genova ITA"]
[Date "2005.08.13"]
[Round "7"]
[White "Barsov, Alexei"]
[Black "Chatalbashev, Boris"]
[Result "1/2-1/2"]
[WhiteElo "2530"]
[BlackElo "2499"]
[PlyCount "89"]
[EventDate "2005.08.08"]

1.d4 g6 2.c4 Bg7 3.e4 c5 4.d5 d6 5.Nc3 e6 6.Bd3 Nf6 7.h3 O-O 8.Nf3 Na6 9.
Bg5 h6 10.Be3 Nc7 11.Qd2 Kh7 12.dxe6 Nxe6 13.Rd1 Nd7 14.Be2 Qb6 15.h4 f5 
16.exf5 gxf5 17.Nd5 Qxb2 18.Bxh6 Re8 19.Bxg7 Qxd2+ 20.Rxd2 Kxg7 21.Ne3 Kf6
22.Rxd6 Nb6 23.O-O Rd8 24.Rfd1 Rxd6 25.Rxd6 f4 26.Nd5+ Nxd5 27.cxd5 Ke7 
28.Rxe6+ Bxe6 29.dxe6 Kxe6 30.g4 fxg3 31.fxg3 Kd5 32.Nd2 Kd4 33.Kf2 Rf8+ 
34.Nf3+ Ke4 35.Ke1 Rg8 36.g4 Kf4 37.Nd2 b5 38.Bxb5 Rxg4 39.h5 Rh4 40.Be2 
Ke3 41.Nf1+ Kd4 42.Ng3 Kc3 43.Nf5 Rh2 44.Nd6 a5 45.Nc4 1/2-1/2

[Event "IX Open A"]
[Site "Genova ITA"]
[Date "2005.08.13"]
[Round "7"]
[White "Delorme, Alban"]
[Black "Martinez, Rolly"]
[Result "0-1"]
[WhiteElo "2254"]
[BlackElo "2421"]
[PlyCount "70"]
[EventDate "2005.08.08"]

1.e4 c5 2.Nf3 Nc6 3.d4 cxd4 4.Nxd4 Nf6 5.Nc3 d6 6.f3 e5 7.Nb3 Be6 8.Nd5 
Bxd5 9.exd5 Nb8 10.c4 a5 11.Be3 Na6 12.Bd3 Be7 13.O-O O-O 14.Qd2 b6 15.Nc1
Nc5 16.Ne2 Nfd7 17.f4 Bf6 18.Qc2 Nxd3 19.Qxd3 exf4 20.Bxf4 Bxb2 21.Bxd6 
Bxa1 22.Bxf8 Ne5 23.Qe4 Qxf8 24.Rxa1 Qc5+ 25.Qd4 Qxd4+ 26.Nxd4 Kf8 27.Rc1 
Rc8 28.c5 Nd3 29.c6 Nxc1 30.d6 Rxc6 31.Nxc6 Ke8 32.Ne5 Nxa2 33.Nc4 a4 34.
Nxb6 Nc3 35.Nc4 Nb5 0-1

[Event "IX Open A"]
[Site "Genova ITA"]
[Date "2005.08.13"]
[Round "7"]
[White "Di Paolo, Raffaele"]
[Black "Maiorov, Nikita"]
[Result "1/2-1/2"]
[WhiteElo "2271"]
[BlackElo "2453"]
[PlyCount "95"]
[EventDate "2005.08.08"]

1.e4 e5 2.Nf3 Nc6 3.Bb5 a6 4.Ba4 Nf6 5.O-O Be7 6.Re1 b5 7.Bb3 d6 8.c3 O-O 
9.d4 Bg4 10.Be3 Bd7 11.a4 exd4 12.Nxd4 Ne5 13.h3 Rb8 14.axb5 axb5 15.f4 
Nc4 16.Bc1 d5 17.exd5 Nxd5 18.Qf3 Ndb6 19.Bc2 Bh4 20.Rd1 Qe7 21.b3 Nd6 22.
Ba3 Bf6 23.Nd2 Bxd4+ 24.cxd4 Rfe8 25.Nf1 Qe2 26.Qxe2 Rxe2 27.Bd3 Ree8 28.
Bxd6 cxd6 29.Ra7 b4 30.Nd2 Be6 31.f5 Bd5 32.Nc4 Rec8 33.Rc1 Nxc4 34.bxc4 
b3 35.Rb1 Bxc4 36.Bxc4 Rxc4 37.Rxb3 Rf8 38.Rd3 Rd8 39.Kf2 d5 40.Kf3 g6 41.
Kf4 Re8 42.Rd7 Re4+ 43.Kg5 Rc6 44.g4 h6+ 45.Kxh6 gxf5+ 46.Kh5 fxg4 47.hxg4
Kg7 48.Rf3 1/2-1/2

[Event "IX Open A"]
[Site "Genova ITA"]
[Date "2005.08.13"]
[Round "7"]
[White "Fossati, Remigio"]
[Black "Rodriguez Alvarez, Alan"]
[Result "1-0"]
[WhiteElo "2133"]
[BlackElo "2103"]
[PlyCount "86"]
[EventDate "2005.08.08"]

1.e4 c5 2.c3 d5 3.exd5 Qxd5 4.d4 Nf6 5.Nf3 Bg4 6.dxc5 Qxc5 7.h3 Qh5 8.Be2 
Nc6 9.Na3 e6 10.Nc4 Rd8 11.Qb3 Rd7 12.Be3 Nd5 13.O-O-O Bxf3 14.Bxf3 Qh4 
15.Bd4 Be7 16.Ne3 Qxf2 17.Nxd5 Nxd4 18.Rxd4 exd5 19.Qa4 a6 20.Bxd5 b5 21.
Qxa6 O-O 22.Qxb5 Rfd8 23.Rhd1 Bg5+ 24.Kb1 Qf5+ 25.Qd3 Qxd3+ 26.R4xd3 Kf8 
27.Kc2 Rc7 28.Bb3 Re8 29.Kb1 Re2 30.g4 h6 31.Rd5 Bf6 32.R5d2 Re3 33.h4 
Bxh4 34.a3 Rb7 35.Ka2 Bf6 36.Rd7 Rb8 37.Rxf7+ Ke8 38.Rdd7 Rxb3 39.Kxb3 Rg3
40.Rxg7 Bxg7 41.Rxg7 Kf8 42.Rg6 Kf7 43.Rxh6 Rxg4 1-0

[Event "IX Open A"]
[Site "Genova ITA"]
[Date "2005.08.13"]
[Round "7"]
[White "Gromovs, Sergejs"]
[Black "Ranola, Yves"]
[Result "0-1"]
[WhiteElo "2375"]
[BlackElo "2466"]
[PlyCount "79"]
[EventDate "2005.08.08"]

1.d4 g6 2.c4 Bg7 3.Nc3 d6 4.e4 Nc6 5.d5 Nd4 6.Be3 c5 7.dxc6 Nxc6 8.Qd2 Nf6
9.f3 O-O 10.Nge2 Bd7 11.Rc1 Qa5 12.Nd4 Nxd4 13.Bxd4 Rfc8 14.Be2 Be6 15.b3 
a6 16.g4 b5 17.g5 Nd7 18.Bxg7 Kxg7 19.cxb5 axb5 20.O-O Kg8 21.f4 Rc5 22.
Qd4 Qb6 23.f5 gxf5 24.b4 Re5 25.Qxb6 Nxb6 26.Bxb5 fxe4 27.h4 Ra3 28.Bc6 
Bc4 29.Rfe1 d5 30.Kf2 Rf5+ 31.Kg2 Rf3 32.Nxe4 dxe4 33.Rxe4 Bd5 34.Bxd5 
Nxd5 35.b5 Nf4+ 36.Kg1 Rg3+ 37.Kf2 Raf3+ 38.Ke1 Rg1+ 39.Kd2 Rg2+ 40.Ke1 
0-1